000 00488nam a2200193Ia 4500
003 GCL
008 140319s9999 xx 000 0 ara d
040 _aGCL /
_cGCL
082 0 4 _a814.9
_bا ا
245 1 0 _aابو شادى فى المهجر
260 _a[S.N] :
_bمكتبة مصر
300 _a63 ص
490 _a
650 0 4 _aالادب العربى
650 0 4 _aاللغة العربية
650 0 4 _aالمقالات
650 0 4 _aالمجموعات
942 _2ddc
_cBK
999 _c34067
_d34067